[Event "Mittelrhein Verbandsliga-M 1112"]
[Site "Germany"]
[Date "2012.05.06"]
[Round "10.8"]
[White "Decker, Andreas"]
[Black "Buettner, Ulrich"]
[Result "0-1"]
[WhiteElo "1787"]
[BlackElo "1804"]
[PlyCount "78"]
[EventDate "2011.09.18"]
[EventType "team-tourn"]
[EventRounds "11"]
[EventCountry "GER"]
[SourceTitle "EXT 2013"]
[Source "ChessBase"]
[SourceDate "2012.11.22"]
[SourceVersion "1"]
[SourceVersionDate "2012.11.22"]
[SourceQuality "1"]
[WhiteTeam "Koeln Muelheim II"]
[BlackTeam "Langenfeld III"]
[WhiteTeamCountry "GER"]
[BlackTeamCountry "GER"]

1. d4 d5 2. Nf3 Nf6 3. Bf4 g6 4. e3 Bg7 5. h3 c6 6. c3 0-0 7. Nbd2 Nbd7 8. Bd3 Re8 9. g4 Nf8 10. Qb3 Qb6 11. Ne5 N6d7 12. Bg3 Nxe5 13. dxe5 f6 14. Nf3 Nd7 15. exf6 Bxf6 16. g5 Qxb3 17. axb3 Bg7 18. h4 e5 19. Bc2 e4 20. Nd2 Ne5 21. Bxe5 Bxe5 22. b4 Rf8 23. Bb3 Bf5 24. b5 Rfd8 25. Ba4 c5 26. Bd1 a6 27. Nb3 axb5 28. Rxa8 Rxa8 29. Nxc5 b6 30. Nb3 Ra2 31. Nd4 Bxd4 32. cxd4 Rxb2 33. 0-0 Kf7 34. Kg2 Ke7 35. Kg3 Kd6 36. h5 Rb1 37. hxg6 Bxg6 38. Kg4 b4 39. f4 exf3 0-1

[Event "Leverkusen Bayer op 10th"]
[Site "Leverkusen"]
[Date "2012.03.28"]
[Round "7"]
[White "Decker, Andreas"]
[Black "Meyer, Stefan1111"]
[Result "1/2-1/2"]
[WhiteElo "1826"]
[BlackElo "1631"]
[PlyCount "57"]
[EventDate "2012.01.11"]
[EventType "swiss"]
[EventRounds "7"]
[EventCountry "GER"]
[SourceTitle "EXT 2014"]
[Source "ChessBase"]
[SourceDate "2013.11.20"]
[SourceVersion "1"]
[SourceVersionDate "2013.11.20"]
[SourceQuality "1"]

1. d4 d5 2. Nf3 Nf6 3. Bf4 e6 4. e3 c5 5. c3 Nc6 6. Bd3 Bd6 7. Bg3 cxd4 8. exd4 Qc7 9. Nbd2 Nh5 10. Qe2 Nf4 11. Bxf4 Bxf4 12. g3 Bd6 13. 0-0 Bd7 14. Rfe1 h6 15. Rac1 0-0 16. Ne5 Bxe5 17. dxe5 Ne7 18. Nf3 Rac8 19. Nd4 Nc6 20. Nb5 Qb8 21. Nd6 Rcd8 22. Nb5 g6 23. Na3 b5 24. Nc2 Rc8 25. f4 Na5 26. Nd4 Qb6 27. Kg2 Nc6 28. Nf3 Na5 29. Nd4 1/2-1/2

[Event "Leverkusen Bayer op 10th"]
[Site "Leverkusen"]
[Date "2012.03.21"]
[Round "6"]
[White "Schimpf, Rolf"]
[Black "Decker, Andreas"]
[Result "1-0"]
[WhiteElo "1676"]
[BlackElo "1826"]
[PlyCount "55"]
[EventDate "2012.01.11"]
[EventType "swiss"]
[EventRounds "7"]
[EventCountry "GER"]
[SourceTitle "EXT 2014"]
[Source "ChessBase"]
[SourceDate "2013.11.20"]
[SourceVersion "1"]
[SourceVersionDate "2013.11.20"]
[SourceQuality "1"]

1. c4 e5 2. Nc3 Bc5 3. g3 Nf6 4. Bg2 0-0 5. e3 Re8 6. Nge2 c6 7. 0-0 d5 8. cxd5 cxd5 9. d4 Bb6 10. dxe5 Rxe5 11. Na4 Bc7 12. b3 Bd7 13. Nc5 Bc6 14. Bb2 Re8 15. Rc1 Ne4 16. Qc2 Nxc5 17. Qxc5 Nd7 18. Qc2 Nf6 19. Rfd1 Be5 20. Bxe5 Rxe5 21. Qb2 Qe7 22. Nd4 Rc8 23. Bh3 Rc7 24. Rc2 Rh5 25. Bg2 a6 26. Rdc1 Qd7 27. b4 h6 28. a4 1-0